• 首页
  • 本馆介绍
  • 公告通知
  • 最新文献
  • 馆藏检索
  • 电子资源
  • 读者导购
  • 参考咨询
  • 我的图书馆
  • 登录
  • 详细信息显示
  • 放入我的书架
  • 预约/预借图书
  • 作者相关作品
  • 分类相关作品
  • 丛书相关作品
  • 出版社相关作品

书目信息

  • 表格格式
  • 工作单格式
  • 卡片格式
题名:
天下奇石
    
 
作者: 鹿军士 编著
分册:  
出版信息: 北京   现代出版社  2014.10
页数: 1册
开本: 24cm
丛书名: 中华精神家园书系
单 册:
中图分类: TS933.21
科图分类:
主题词: 观赏型--Guan Shang Xing--石--介绍--中国
电子资源:
ISBN: 978-7-5143-3023-6
000 01012nam0 22002531 450
001 350859
005 20161012083104.68
010    @a978-7-5143-3023-6@dCNY29.80
100    @a20141024d2014 em y0chiy0110 ea
101 0  @achi
102    @aCN@b110000
105    @ay z 000yy
106    @ar
200 1  @a天下奇石@ATian Xia Qi Shi@f鹿军士编著
210    @a北京@c现代出版社@d2014.10
215    @a1册@d24cm
225 2  @a中华精神家园书系@AZhong Hua Jing Shen Jia Yuan Shu Xi
330    @a本书主要指赏石文化与艺术特色。包括赏石历史、奇石分类、奇石类型、奇石产地、奇石六维、奇石加工、奇石雕刻、奇石艺术与鉴赏奇石与中国文化奇石收藏保养。其中图文并茂,图解图注,形象直观,赏心悦目,彩色制作,丰富多彩,设计精美,格调高雅,非常适合广大读者阅读和珍藏,也非常适合各级图书馆装备和陈列。
461  0 @12001 @a中华精神家园书系
606 0  @a观赏型@AGuan Shang Xing@x石@x介绍@y中国
690    @aTS933.21@v5
701  0 @a鹿军士@ALu Jun Shi@4编著
801  0 @aCN@bTANGWEI@c20160808
905    @b0892140-4@dTS933.21@e50@f5
    
    天下奇石/鹿军士编著.-北京:现代出版社,2014.10
    1册;24cm.-(中华精神家园书系)
    
    
    ISBN 978-7-5143-3023-6:CNY29.80
    本书主要指赏石文化与艺术特色。包括赏石历史、奇石分类、奇石类型、奇石产地、奇石六维、奇石加工、奇石雕刻、奇石艺术与鉴赏奇石与中国文化奇石收藏保养。其中图文并茂,图解图注,形象直观,赏心悦目,彩色制作,丰富多彩,设计精美,格调高雅,非常适合广大读者阅读和珍藏,也非常适合各级图书馆装备和陈列。
●
相关链接 在E读中查询图书 在五车中查询图书 在当当中查询图书 在豆瓣中查询图书


正题名:天下奇石     索取号:TS933.21/50         预约/预借

序号 登录号 条形码 馆藏地/架位号 状态 备注
1 0892140   208921407   第二样本阅览室/ [索取号:TS933.21/50] 在馆    
2 0892141   208921416   第三借阅区/ [索取号:TS933.21/50] 在馆    
3 0892142   208921425   第三借阅区/ [索取号:TS933.21/50] 在馆    
4 0892143   208921434   第三借阅区/ [索取号:TS933.21/50] 在馆    
5 0892144   208921443   第三借阅区/ [索取号:TS933.21/50] 在馆    
唐山师范学院图书馆 欢迎您!
大连网信软件有限公司© 版权所有